000 00818cab a2200241 4500
001 ABS53163
008 090401t1995 xxu||||| |||| 00| 0 eng d
035 _a(Sirsi) u2467
041 _aeng
100 _aPapworth, J.
245 2 _aA contract for the oil and gas industry
260 _c1995
350 _a0
490 _aCSM (Chartered Surveyor Monthly)
_v4(9) July/August 1995, 46-47; 5(1) September 1995,
520 _aCommends the NEDO "Model form of contract for fabrication for the oil and gas industry". See CSM September 1995 p15 for how to order the contract.
650 _aBUILT ENVIRONMENT-BUILDING CONTRACT FORMS
650 _aFORMS OF CONTRACT
650 _aGAS INDUSTRY
650 _aOIL INDUSTRY
690 _aBUILT ENVIRONMENT-BUILDING CONTRACT FORMS
942 _n0
948 _c04/03/1997
999 _c1491
_d1491